| 000 | 00516nam a22001817a 4500 | ||
|---|---|---|---|
| 003 | 0 | ||
| 005 | 20240108102011.0 | ||
| 008 | 240108b xxu||||| |||| 00| 0 eng d | ||
| 020 | _a978-0-679-89065-2 | ||
| 050 |
_aFIC _bOs81 1999 |
||
| 082 |
_aFIC _bOs81 1999 |
||
| 100 | _aOsborne, Mary Pope | ||
| 245 |
_aTigers at twilight _cMary Pope Osborne |
||
| 260 |
_aNew York _bRandom House _cc1999. |
||
| 300 |
_a71 pages : _bblack and white illustrations ; _c20cm. |
||
| 650 | _aChildrens stories. | ||
| 942 |
_2ddc _cBK |
||
| 999 |
_c365804 _d365804 |
||